000 00846nam a22001337a 4500
040 _cRUA
082 _aAGR HAK 2021 B1-570 Or.
100 _aHAK ROTHANA ហាក់ រតនា
245 _aUTILIZATION OF DIFFERENT RATES OF 20-20-12+TE FERTILIZER ON GROWTH AND YIELD ON CHINESE KALE (Brassica oleracea L.) IN DAR COMMUNE, MEMOT DISTRICT, TBOUNG. ការប្រើប្រាស់ជី ២០-២០-១៥+TE កម្រិតខុសគ្នាលើការលូតលាស់ និងទិន្នផលខាត់ណាដើមក្នុងឃុំដារស្រុកមេមត់ ខេត្តត្បូងឃ្មុំ
260 _aPhnom Penh
_bRUA
_c2021
300 _aIX.30P
_bVII.
_c29CM
856 _uhttps://drive.google.com/file/d/1xoL-fEDTxoXHib4kik2PmmupP3TbCBUq/view?usp=sharing
942 _cAGR
999 _c22757
_d22757